Normal view MARC view
  • STOCKTON, SHELLY J

Entry Personal Name

Number of records used in: 1

001 - CONTROL NUMBER

  • control field: 8498

003 - CONTROL NUMBER IDENTIFIER

  • control field: JRU

005 - DATE AND TIME OF LATEST TRANSACTION

  • control field: 20240902115450.0

008 - FIXED-LENGTH DATA ELEMENTS

  • fixed length control field: 240902|| aca||aabn | a|a d

040 ## - CATALOGING SOURCE

  • Original cataloging agency: JRU
  • Transcribing agency: JRU

100 ## - HEADING--PERSONAL NAME

  • Personal name: STOCKTON, SHELLY J

670 ## - SOURCE DATA FOUND

  • Source citation: Work cat.: (JRU)8631: STOCKTON, SHELLY J., SOUTH ASIAN EDITION OF STOKLOSA AND ANSEL,S PHARMACEUTICAL CALCULATION'S, 2022